Statystyki dla Ranking hokeja na lodzie - Top 25 reprezentacji

Kliknij tutaj aby rozwiązać quiz!

Ogólne statystyki

  • Ten quiz został rozwiązany 250 razy
  • Średni wynik to 22 z 25

Statystyki odpowiedzi

Lp.Reprezentacja% Poprawnych
4.Kanada
99%
6.Stany
Zjednoczone
99%
24.Polska
98%
3.Rosja
97%
2.Finlandia
96%
1.Szwecja
96%
8.Słowacja
93%
5.Czechy
92%
10.Norwegia
91%
12.Francja
90%
13.Niemcy
90%
18.Włochy
87%
7.Szwajcaria
85%
20.Ukraina
85%
15.Dania
84%
9.Łotwa
84%
11.Białoruś
83%
21.Japonia
83%
16.Austria
82%
14.Słowenia
82%
22.Wielka Brytania
82%
19.Węgry
76%
17.Kazachstan
70%
23.Korea Południowa
66%
25.Holandia
65%

Rozkład punktacji

Percentyl według liczby udzielonych odpowiedzi

Procent ludzi z każdym wynikiem

Twoja historia wyników

Nie rozwiązałeś tego quizu